000 00769nam a2200217 i 4500
001 95857
003 ES-MaACL
005 20230906181804.0
007 t|
008 050606s1977 sp ||||1| spa d
100 1 _aMacInnes, Neil.
_975229
245 1 4 _aLos partidos comunistas de la Europa Occidental /
_cNeil Mac Innes; traducido por María de los Angeles Carrasco Pajares.
260 _aMadrid :
_bInstituto de Estudios Políticos,
_c1977.
300 _a363 p. ;
_c21 cm.
490 1 _aIdeologías contemporáneas
700 1 _aCarrasco Pajares, María de los Angeles.
_935563
710 2 _aInstituto de Estudios Políticos (Madrid)
_94924
830 0 _aIdeologías contemporáneas
_9184374
852 _aES-MaACL
_jA-8067
_bR.96655
999 _c95857
_d95857